Statystyki dla Kraje według częściowych obrazów flag #3

Kliknij tutaj aby rozwiązać quiz!

Ogólne statystyki

  • Ten quiz został rozwiązany 21 razy
  • Średni wynik to 13 z 16

Statystyki odpowiedzi

Odpowiedź% Poprawnych
Albania
95%
Arabia Saudyjska
95%
Francja
95%
Hiszpania
95%
Jamajka
95%
Kazachstan
95%
Szwajcaria
95%
Egipt
90%
Filipiny
90%
Indie
85%
Japonia
85%
Sri Lanka
85%
Korea Północna
75%
Gruzja
60%
Haiti
45%
Singapur
30%

Rozkład punktacji

Percentyl według liczby udzielonych odpowiedzi

Procent ludzi z każdym wynikiem

Twoja historia wyników

Nie rozwiązałeś tego quizu